000 00688nam a2200265Ia 4500
003 OSt
005 20221006151143.0
006 a|||||r|||| 00| 0
007 ta
008 221006b |||||||| |||| 00| 0 jpn d
020 _c¥320
024 _a21,126
037 _bGift, Japan Foundation
_cTextual
040 _aEASL
_cEASL
_bjpn
041 _2jpn
_ajpn
082 _a1008326
100 _aSHIBA Ryotaro
_9649929
245 0 _aRekishi wo kiko suru
260 _aTokyo
_bBunshun Bunko Japan
_c1978
300 _a261p.
_ccm.
490 _v JL
650 _aJL
942 _h1008326
_cTEXL
_2CC
999 _c1089212
_d1089212